000 01797nam0a2200421 4500
001 RU\NLR\BIBL_A\011404878
005 20250626061300.0
010 _a978-5-17-102552-6
_bСираницы истории
010 _a978-5-17-087116-2
_bистория в одном томе
021 _aRU
_b2017-37924
_92774
021 _aRU
_b2017-44363
_93209
035 _a(RuMoRGB)008892719
035 _a(NLR Aleph) 011404878
090 _a11526352
_c11526352
100 _a20170613d2017 |||y0rusy50 ca
101 1 _arus
_ceng
102 _aRU
105 _ay|||z|||000zy
200 1 _aМассмедиа с древнейших времен и до наших дней
_fУильям Бернстайн
_g[пер. с англ. Н. Омельяновича, А. Николаева]
210 _aМосква
_cN
_cАСТ
_d2017
215 _a510, [1] с.
_d22
225 1 _aИстория в одном томе
300 _aЗагл. и авт. также на англ. яз.: Masters of the Word / William Bernstein
320 _aБиблиогр.: с. 479-511 и в подстроч. примеч.
517 1 _6z22790
_aMasters of the Word
_zeng
606 1 _aКнигопечатание
_xИстория
_91155131
_3RU\NLR\AUTH\66143390
606 1 _aСредства массовой информации
_xИстория
_92255821
_3RU\NLR\AUTH\661352852
686 _aС555.57,0
_2rubbk
686 _aЧ610.3(0),0
_2rubbk
686 _aЧ630.3(0),0
_2rubbk
686 1 _aЧ600.3(0)
686 1 _aЧ611.63(0)
700 1 _aБернстайн
_bУ. Дж.
_f1948-
_gУильям Дж.
_9135409
_3RU\NLR\AUTH\770135444
790 1 _6z22517
_aBernstein
_bW.J.
_f1948-
_gWilliam J.
942 _cBOOK
980 _aNB